000
00335pab a2200133 454500
008
180718b1997 xxu||||| |||| 00| 0 eng d
245
_a
REVIEW of industry and management
260
_c
1997
300
_a
p.M2-44
362
_a
22-28 Feb
650
_a
Industrial development
773
_a
Economic and Political Weekly
909
_a
33309
999
_c
33309
_d
33309